| 000 | 00346nam a2200133Ia 4500 | ||
|---|---|---|---|
| 008 | 240624s9999 xx 000 0 und d | ||
| 041 | _aeng | ||
| 082 | _a828 DAL | ||
| 100 | _aDALAL ROSHEN | ||
| 245 | _aINDIA AT 70 SNAPSHOTS SINCE INDEPENDENCE | ||
| 260 |
_c2017 _aNew Delhi _bPuffin Books |
||
| 300 | _axviii, 435 p.; 21 cm. | ||
| 365 |
_cRS _b30 |
||
| 999 |
_c29527 _d29527 |
||